| 000 | 00694pam a2200181 a 4500 | ||
|---|---|---|---|
| 020 | _a155615173X : | ||
| 082 | 0 | 0 |
_a510 _bBEL _cL-2, P-26 |
| 100 | 1 |
_aBell, Eric Temple, _938812 |
|
| 245 | 1 | 0 |
_aMathematics, queen and servant of science / _cby E.T. Bell. |
| 260 |
_aRedmond, Wash. : _bTempus Books of Microsoft Press : _bDistributed by Harper & Row, _c[1989], c1951. |
||
| 300 |
_axxiv, 438 p. : _b1 port. ; _c24 cm. |
||
| 500 | _aIncludes index. | ||
| 500 | _aReprint. Originally published: Washington, D.C. : Mathematical Association of America, 1987, c1951. | ||
| 526 |
_a0 _b0 _c0 _d510_900000000000000_BEL |
||
| 650 | 0 |
_aMathematics _xHistory. _938813 |
|
| 650 | 0 |
_aMCE _9379 |
|
| 942 |
_2ddc _cBK |
||
| 999 |
_c543453 _d543453 |
||